000
00185 a2200097 4500
001
8076
100
_a
Palmier, L
245
_a
Indonesia
260
_a
_b
Thames
_c
090
_c
6480
_d
6480
942
_a
NUST-CAE
_c
M
_c
33023
999
_c
243149
_d
243149